|
|
|
|
| LEADER |
00000nam a22000007a 4500 |
| 005 |
20190704131518.0 |
| 007 |
cr|||| |||| |
| 008 |
190704s2016 co |||||s|||| 00||0 spa d |
| 020 |
|
|
|a 978-958-774-364-7
|
| 035 |
|
|
|a 23832
|
| 040 |
|
|
|a vLex
|
| 090 |
|
|
|c 8997
|d 8997
|
| 100 |
1 |
|
|a Aranguren Romero, Juan Pablo
|
| 245 |
1 |
0 |
|a Cuerpos al lm̕ite
|h [Recurso electrn̤ico] :
|b tortura, subjetividad y memoria en Colombia (1977-1982) /
|c Juan Pablo Aranguren Romero
|
| 256 |
|
|
|a Servicio en ln̕ea
|
| 260 |
|
|
|a Bogot:̀
|b Universidad de Los Andes (Colombia),
|c 2016
|
| 300 |
|
|
|a 1 recurso electrn̤ico
|
| 506 |
1 |
|
|a Disponible solo en los productos indicados
|d vLex Global
|d vLex Global (Academic Edition, excluding Law Schools)
|d vLex Global (U.S. Academic Edition, Law Schools)
|d vLex Global (U.S. Academic Edition, excluding Law Schools)
|d vLex Global (Academic Edition, Law Schools)
|
| 650 |
0 |
4 |
|a Derecho Pb︢lico y Administrativo
|z Colombia
|
| 740 |
0 |
|
|a vLex Libros (Servicio en ln̕ea)
|
| 856 |
4 |
0 |
|u http://vlex.com/source/cuerpos-limite-tortura-subjetividad-memoria-colombia-1977-1982-23832
|z Acceso restringido
|
| 942 |
|
|
|c BOOK
|
| 999 |
0 |
|
|a Public and Administrative Law
|